Catálogo

METODOLOGIA DE LA INVESTIGACION. (Registro nro. 30731)

Detalles MARC
000 -LEADER
fixed length control field 00782nam a2200193 a 4500
001 - CONTROL NUMBER
control field 30731
005 - DATE AND TIME OF LATEST TRANSACTION
control field 20180713234014.0
008 - FIXED-LENGTH DATA ELEMENTS--GENERAL INFORMATION
fixed length control field 140415s2006 000 0 spa d
020 ## - INTERNATIONAL STANDARD BOOK NUMBER
International Standard Book Number 139789701057537
041 ## - LANGUAGE CODE
Language code of text/sound track or separate title spa
082 ## - DEWEY DECIMAL CLASSIFICATION NUMBER
Classification number 1.432
Item number HER
100 1# - MAIN ENTRY--PERSONAL NAME
Personal name Hernández Sampieri, Roberto,.
245 10 - TITLE STATEMENT
Title METODOLOGIA DE LA INVESTIGACION.
250 ## - EDITION STATEMENT
Edition statement 4ª EDICIÓN
260 ## - PUBLICATION, DISTRIBUTION, ETC.
Place of publication, distribution, etc. [s.l.] :
Name of publisher, distributor, etc. MC GRAW HILL,
Date of publication, distribution, etc. 2006.
300 ## - PHYSICAL DESCRIPTION
Extent 850 ;
Dimensions 20 x 5.05 x 24.
500 ## - GENERAL NOTE
General note EL LIBRO CONTIENE UN CD CON MATERIAL EN PDF
520 ## - SUMMARY, ETC.
Summary, etc. EN ESTE EDICION SE MANTIENEN LAS PRINCIPLAES CARACTERISITCAS QUE LO HAN HECHO EL TExTO MAS ESTUDIADO EN CURSOS DE METODOLOGIA DE LA INVESTIGACION, EL LENGUAJE ACCESIBLE, LA PRESENTACION PAULATINA DE LOS EJEMPLOS Y LA PROFUSION DE EJEMPLOS.
Existencias
Withdrawn status Lost status Source of classification or shelving scheme Damaged status Not for loan Collection code Home library Current library Shelving location Date acquired Source of acquisition Total Checkouts Full call number Barcode Date last seen Price effective from Koha item type
    Dewey Decimal Classification     General Tehuacán Tehuacán Sala general 03/12/2013 Compra   1.432 HER 505286 08/01/2025 03/12/2013 Libro